| 000 | 00612nam a2200181 i 4500 | ||
|---|---|---|---|
| 001 | 85312 | ||
| 003 | ES-MaACL | ||
| 005 | 20240118063004.0 | ||
| 007 | t| | ||
| 008 | 041126s1967 sp ||||1| spa d | ||
| 100 | 1 |
_aJovellanos, Gaspar Melchor de, _d1744-1811 _9222580 |
|
| 245 | 1 | 0 |
_aEspectáculos y diversiones públicas en España / _cGaspar Melchor de Jovellanos ; [edición de Camilo G. Suárez-Llanos]. |
| 260 |
_aSalamanca : _bAnaya, _c[1967] |
||
| 300 |
_a129 p. ; _c17 cm. |
||
| 700 | 1 |
_aSuárez-Llanos, Camilo G. _9108637 |
|
| 852 |
_aES-MaACL _jC-34507 _bR.65062 |
||
| 999 |
_c85312 _d85312 |
||